An account of the convincement : exercises, services and travels, of ... Richard Davies. With some relation of ancient friends, and the spreading of truth in North-Wales, &c.

Bibliographic Details
Main Author: Davies, Richard, 1635-1708
Format: eBook
Language:English
Edition:The second edition.
Series:Eighteenth century collections online.
Online Access:Full text online

MARC

Tag First Indicator Second Indicator Subfields
LEADER 00000cam a2200000 4500
001 in00001897421
006 m | d |
007 cr |n||||||||n
008 820210s1765 enk|||| s 00| ||eng d
005 20260407205934.9
035 |a (CStRLIN)ESTCT134681 
040 |a Uk-ES  |c Uk-ES  |d Cu-RivES  |d CStRLIN  |d Thomson Gale  |d UtOrBLW 
100 1 |a Davies, Richard,  |d 1635-1708. 
245 1 3 |a An account of the convincement :  |b exercises, services and travels, of ... Richard Davies. With some relation of ancient friends, and the spreading of truth in North-Wales, &c. 
250 |a The second edition. 
264 3 |a London :  |b printed and sold by Luke Hinde,  |c 1765. 
300 |a 24 unnumbered pages, 257, 7 unnumbered pages ;  |c 12⁰. 
336 |a text  |b txt  |2 rdacontent 
337 |a computer  |b c  |2 rdamedia 
338 |a online resource  |b cr  |2 rdacarrier 
500 |a An autobiography. 
500 |a Reproduction of original from the Huntington Library. 
510 4 |a English Short Title Catalog,  |c ESTCT134681. 
533 |a Electronic reproduction.  |b Farmington Hills, Mich. :  |c Thomson Gale,  |d 2003.  |n Available via the World Wide Web.  |n Access limited by licensing agreements  |7 s2003 miunns 
500 |a Electronic resource. 
830 0 |a Eighteenth century collections online. 
856 4 0 |u http://proxy.library.tamu.edu/login?url=https://galenet.galegroup.com/servlet/ECCO?c=1&stp=Author&ste=11&af=BN&ae=T134681&tiPG=1&dd=0&dc=flc&docNum=CW125215796&vrsn=1.0&srchtp=a&d4=0.33&n=10&SU=0LRH&locID=txshracd2898  |z Full text online  |t 0 
999 |a MARS 
999 f f |s 418c9134-b939-307c-bc22-6f23a7c795d8  |i 5a0fa1bc-18f7-382a-9162-187a2d704dab  |t 0 
952 f f |a Texas A&M University  |b College Station  |c Electronic Resources  |s www_evans  |d Available Online  |t 0  |h No information provided 
998 f f |t 0  |l Available Online